<?xml version="1.0" encoding="UTF-8"?>
<collection xmlns="http://www.loc.gov/MARC21/slim">
 <record>
  <leader>03780cam a2200841   4500</leader>
  <controlfield tag="001">1601101295</controlfield>
  <controlfield tag="003">DE-627</controlfield>
  <controlfield tag="005">20240316184334.0</controlfield>
  <controlfield tag="007">tu</controlfield>
  <controlfield tag="008">020924s2002    gw |||||      00| ||ger c</controlfield>
  <datafield tag="015" ind1=" " ind2=" ">
   <subfield code="a">02,N12,0549</subfield>
   <subfield code="2">dnb</subfield>
  </datafield>
  <datafield tag="015" ind1=" " ind2=" ">
   <subfield code="a">02,A49,1561</subfield>
   <subfield code="2">dnb</subfield>
  </datafield>
  <datafield tag="016" ind1="7" ind2=" ">
   <subfield code="a">963811010</subfield>
   <subfield code="2">DE-101</subfield>
  </datafield>
  <datafield tag="020" ind1=" " ind2=" ">
   <subfield code="a">3000082093</subfield>
   <subfield code="c">Gb. : ca. EUR 30.00</subfield>
   <subfield code="9">3-00-008209-3</subfield>
  </datafield>
  <datafield tag="035" ind1=" " ind2=" ">
   <subfield code="a">(DE-627)1601101295</subfield>
  </datafield>
  <datafield tag="035" ind1=" " ind2=" ">
   <subfield code="a">(DE-576)100822118</subfield>
  </datafield>
  <datafield tag="035" ind1=" " ind2=" ">
   <subfield code="a">(DE-599)DNB963811010</subfield>
  </datafield>
  <datafield tag="035" ind1=" " ind2=" ">
   <subfield code="a">(OCoLC)248352716</subfield>
  </datafield>
  <datafield tag="035" ind1=" " ind2=" ">
   <subfield code="a">(OCoLC)50524377</subfield>
  </datafield>
  <datafield tag="035" ind1=" " ind2=" ">
   <subfield code="a">(OCoLC)722952298</subfield>
  </datafield>
  <datafield tag="040" ind1=" " ind2=" ">
   <subfield code="a">DE-627</subfield>
   <subfield code="b">ger</subfield>
   <subfield code="c">DE-627</subfield>
   <subfield code="e">rda</subfield>
  </datafield>
  <datafield tag="041" ind1=" " ind2=" ">
   <subfield code="a">ger</subfield>
  </datafield>
  <datafield tag="044" ind1=" " ind2=" ">
   <subfield code="c">XA-DE-BW</subfield>
  </datafield>
  <datafield tag="050" ind1=" " ind2="0">
   <subfield code="a">NC251.M55737</subfield>
  </datafield>
  <datafield tag="082" ind1="0" ind2=" ">
   <subfield code="a">741.943</subfield>
  </datafield>
  <datafield tag="084" ind1=" " ind2=" ">
   <subfield code="a">62</subfield>
   <subfield code="a">46</subfield>
   <subfield code="2">sdnb</subfield>
  </datafield>
  <datafield tag="084" ind1=" " ind2=" ">
   <subfield code="a">46</subfield>
   <subfield code="a">62</subfield>
   <subfield code="2">sdnb</subfield>
  </datafield>
  <datafield tag="084" ind1=" " ind2=" ">
   <subfield code="a">9,10</subfield>
   <subfield code="2">ssgn</subfield>
  </datafield>
  <datafield tag="084" ind1=" " ind2=" ">
   <subfield code="a">21.32</subfield>
   <subfield code="2">bkl</subfield>
  </datafield>
  <datafield tag="100" ind1="1" ind2=" ">
   <subfield code="a">Diefenbacher, Jörg</subfield>
   <subfield code="e">VerfasserIn</subfield>
   <subfield code="0">(DE-588)1095803018</subfield>
   <subfield code="0">(DE-627)856422967</subfield>
   <subfield code="0">(DE-576)183374835</subfield>
   <subfield code="4">aut</subfield>
  </datafield>
  <datafield tag="245" ind1="1" ind2="4">
   <subfield code="a">Die Schwalbacher Reise</subfield>
   <subfield code="c">Jörg Diefenbacher ; gezeichnet von Anton Mirou, in Kupfer gestochen von Matthäus Merian d.Ä., 1620</subfield>
  </datafield>
  <datafield tag="264" ind1=" " ind2="1">
   <subfield code="a">Mannheim</subfield>
   <subfield code="b">Diefenbacher</subfield>
   <subfield code="c">[2002]</subfield>
  </datafield>
  <datafield tag="264" ind1=" " ind2="4">
   <subfield code="c">© 2002</subfield>
  </datafield>
  <datafield tag="300" ind1=" " ind2=" ">
   <subfield code="a">128 Seiten</subfield>
  </datafield>
  <datafield tag="336" ind1=" " ind2=" ">
   <subfield code="a">unbewegtes Bild</subfield>
   <subfield code="b">sti</subfield>
   <subfield code="2">rdacontent</subfield>
  </datafield>
  <datafield tag="336" ind1=" " ind2=" ">
   <subfield code="a">Text</subfield>
   <subfield code="b">txt</subfield>
   <subfield code="2">rdacontent</subfield>
  </datafield>
  <datafield tag="337" ind1=" " ind2=" ">
   <subfield code="a">ohne Hilfsmittel zu benutzen</subfield>
   <subfield code="b">n</subfield>
   <subfield code="2">rdamedia</subfield>
  </datafield>
  <datafield tag="338" ind1=" " ind2=" ">
   <subfield code="a">Band</subfield>
   <subfield code="b">nc</subfield>
   <subfield code="2">rdacarrier</subfield>
  </datafield>
  <datafield tag="500" ind1=" " ind2=" ">
   <subfield code="a">Ausstellungskatalog</subfield>
  </datafield>
  <datafield tag="583" ind1="1" ind2=" ">
   <subfield code="a">Archivierung/Langzeitarchivierung gewährleistet</subfield>
   <subfield code="f">PEBW</subfield>
   <subfield code="2">pdager</subfield>
   <subfield code="5">DE-31</subfield>
  </datafield>
  <datafield tag="583" ind1="1" ind2=" ">
   <subfield code="a">Archivierung/Langzeitarchivierung gewährleistet</subfield>
   <subfield code="f">SSG</subfield>
   <subfield code="x">XA-DE-BW</subfield>
   <subfield code="2">pdager</subfield>
   <subfield code="5">DE-16</subfield>
  </datafield>
  <datafield tag="600" ind1="1" ind2="0">
   <subfield code="a">Mirou, Anton</subfield>
   <subfield code="d">1578-1627?</subfield>
   <subfield code="v">Exhibitions</subfield>
  </datafield>
  <datafield tag="600" ind1="1" ind2="0">
   <subfield code="a">Merian, Matthaeus</subfield>
   <subfield code="d">1593-1650</subfield>
   <subfield code="v">Exhibitions</subfield>
  </datafield>
  <datafield tag="651" ind1=" " ind2="0">
   <subfield code="a">Bad Schwalbach (Germany)</subfield>
   <subfield code="x">In art</subfield>
   <subfield code="v">Exhibitions</subfield>
  </datafield>
  <datafield tag="655" ind1=" " ind2="7">
   <subfield code="a">Bildband</subfield>
   <subfield code="0">(DE-588)4145395-5</subfield>
   <subfield code="0">(DE-627)104450835</subfield>
   <subfield code="0">(DE-576)209741139</subfield>
   <subfield code="2">gnd-content</subfield>
  </datafield>
  <datafield tag="689" ind1="0" ind2="0">
   <subfield code="d">p</subfield>
   <subfield code="0">(DE-588)124171729</subfield>
   <subfield code="0">(DE-627)085684333</subfield>
   <subfield code="0">(DE-576)215380258</subfield>
   <subfield code="a">Mirou, Anton</subfield>
   <subfield code="d">1578-1627</subfield>
   <subfield code="2">gnd</subfield>
  </datafield>
  <datafield tag="689" ind1="0" ind2="1">
   <subfield code="d">s</subfield>
   <subfield code="0">(DE-588)4127900-1</subfield>
   <subfield code="0">(DE-627)104725044</subfield>
   <subfield code="0">(DE-576)209597518</subfield>
   <subfield code="a">Zeichnung</subfield>
   <subfield code="2">gnd</subfield>
  </datafield>
  <datafield tag="689" ind1="0" ind2="2">
   <subfield code="d">s</subfield>
   <subfield code="0">(DE-588)4705892-4</subfield>
   <subfield code="0">(DE-627)356147355</subfield>
   <subfield code="0">(DE-576)215406109</subfield>
   <subfield code="a">Schwalbach</subfield>
   <subfield code="g">Rheingau-Taunus-Kreis, Motiv</subfield>
   <subfield code="2">gnd</subfield>
  </datafield>
  <datafield tag="689" ind1="0" ind2=" ">
   <subfield code="5">DE-101</subfield>
  </datafield>
  <datafield tag="689" ind1="1" ind2="0">
   <subfield code="d">p</subfield>
   <subfield code="0">(DE-588)118581090</subfield>
   <subfield code="0">(DE-627)133407837</subfield>
   <subfield code="0">(DE-576)16220602X</subfield>
   <subfield code="a">Merian, Matthaeus</subfield>
   <subfield code="c">der Ältere</subfield>
   <subfield code="d">1593-1650</subfield>
   <subfield code="2">gnd</subfield>
  </datafield>
  <datafield tag="689" ind1="1" ind2="1">
   <subfield code="d">s</subfield>
   <subfield code="0">(DE-588)4033760-1</subfield>
   <subfield code="0">(DE-627)106256017</subfield>
   <subfield code="0">(DE-576)209003383</subfield>
   <subfield code="a">Kupferstich</subfield>
   <subfield code="2">gnd</subfield>
  </datafield>
  <datafield tag="689" ind1="1" ind2="2">
   <subfield code="d">s</subfield>
   <subfield code="0">(DE-588)4705892-4</subfield>
   <subfield code="0">(DE-627)356147355</subfield>
   <subfield code="0">(DE-576)215406109</subfield>
   <subfield code="a">Schwalbach</subfield>
   <subfield code="g">Rheingau-Taunus-Kreis, Motiv</subfield>
   <subfield code="2">gnd</subfield>
  </datafield>
  <datafield tag="689" ind1="1" ind2="3">
   <subfield code="d">p</subfield>
   <subfield code="0">(DE-588)124171729</subfield>
   <subfield code="0">(DE-627)085684333</subfield>
   <subfield code="0">(DE-576)215380258</subfield>
   <subfield code="a">Mirou, Anton</subfield>
   <subfield code="d">1578-1627</subfield>
   <subfield code="2">gnd</subfield>
  </datafield>
  <datafield tag="689" ind1="1" ind2="4">
   <subfield code="d">s</subfield>
   <subfield code="0">(DE-588)4127900-1</subfield>
   <subfield code="0">(DE-627)104725044</subfield>
   <subfield code="0">(DE-576)209597518</subfield>
   <subfield code="a">Zeichnung</subfield>
   <subfield code="2">gnd</subfield>
  </datafield>
  <datafield tag="689" ind1="1" ind2=" ">
   <subfield code="5">DE-101</subfield>
  </datafield>
  <datafield tag="700" ind1="1" ind2=" ">
   <subfield code="a">Mirou, Anton</subfield>
   <subfield code="d">1578-1627</subfield>
   <subfield code="e">KünstlerIn</subfield>
   <subfield code="0">(DE-588)124171729</subfield>
   <subfield code="0">(DE-627)085684333</subfield>
   <subfield code="0">(DE-576)215380258</subfield>
   <subfield code="4">art</subfield>
  </datafield>
  <datafield tag="700" ind1="1" ind2=" ">
   <subfield code="a">Merian, Matthaeus</subfield>
   <subfield code="c">der Ältere</subfield>
   <subfield code="d">1593-1650</subfield>
   <subfield code="e">KünstlerIn</subfield>
   <subfield code="0">(DE-588)118581090</subfield>
   <subfield code="0">(DE-627)133407837</subfield>
   <subfield code="0">(DE-576)16220602X</subfield>
   <subfield code="4">art</subfield>
  </datafield>
  <datafield tag="710" ind1="2" ind2=" ">
   <subfield code="a">Stadtmuseum Bad Schwalbach</subfield>
   <subfield code="0">(DE-588)6106274-1</subfield>
   <subfield code="0">(DE-627)360370241</subfield>
   <subfield code="0">(DE-576)314530584</subfield>
   <subfield code="4">oth</subfield>
  </datafield>
  <datafield tag="787" ind1="0" ind2="8">
   <subfield code="i">Rezensiert in</subfield>
   <subfield code="a">Kaulbach, Hans-Martin, 1955 - </subfield>
   <subfield code="t">[Rezension von: Jörg Diefenbacher, Die Schwalbacher Reise, gezeichnet von Anton Mirou, in Kupfer gestochen von Matthäus Merian d.Ä., 1620]</subfield>
   <subfield code="d">2003</subfield>
   <subfield code="w">(DE-627)1539397165</subfield>
   <subfield code="w">(DE-576)469397160</subfield>
  </datafield>
  <datafield tag="889" ind1=" " ind2=" ">
   <subfield code="w">(DE-627)343093154</subfield>
  </datafield>
  <datafield tag="935" ind1=" " ind2=" ">
   <subfield code="i">mdedup</subfield>
  </datafield>
  <datafield tag="936" ind1="b" ind2="k">
   <subfield code="a">21.32</subfield>
   <subfield code="j">Geschichte der Graphik</subfield>
   <subfield code="0">(DE-627)106405756</subfield>
  </datafield>
  <datafield tag="951" ind1=" " ind2=" ">
   <subfield code="a">BO</subfield>
  </datafield>
  <datafield tag="990" ind1=" " ind2=" ">
   <subfield code="a">Mirou, Anton</subfield>
  </datafield>
  <datafield tag="990" ind1=" " ind2=" ">
   <subfield code="a">Zeichnung</subfield>
  </datafield>
  <datafield tag="990" ind1=" " ind2=" ">
   <subfield code="a">Schwalbach</subfield>
  </datafield>
  <datafield tag="990" ind1=" " ind2=" ">
   <subfield code="a">Merian, Matthaeus &lt;der Ältere&gt; </subfield>
  </datafield>
  <datafield tag="990" ind1=" " ind2=" ">
   <subfield code="a">Kupferstich</subfield>
  </datafield>
  <datafield tag="990" ind1=" " ind2=" ">
   <subfield code="a">Schwalbach</subfield>
  </datafield>
  <datafield tag="990" ind1=" " ind2=" ">
   <subfield code="a">Mirou, Anton</subfield>
  </datafield>
  <datafield tag="990" ind1=" " ind2=" ">
   <subfield code="a">Zeichnung</subfield>
  </datafield>
  <datafield tag="991" ind1=" " ind2=" ">
   <subfield code="a">Rezensiertes Werk</subfield>
  </datafield>
  <datafield tag="999" ind1=" " ind2=" ">
   <subfield code="a">KXP-PPN1601101295</subfield>
   <subfield code="e">4129536192</subfield>
  </datafield>
 </record>
</collection>
